Культура Китая: учебное пособие

Bibliografiske detaljer
Hovedforfatter: Петрик В. В. Валерий Владимирович
Institution som forfatter: Национальный исследовательский Томский политехнический университет (ТПУ)
Summary:Пособие содержит авторский курс лекций, посвященных основным направлениям и этапам развития культуры Китая от глубокой древности до наших дней. В работе отражено многообразие китайского культурного наследия, показано его место и роль в мировом историко-культурном процессе. Пособие также содержит разнообразный фактический материал, интересные выводы и обобщения. Предназначено для студентов, обучающихся по специальности 032301 «Регионоведение», а также для всех, интересующихся историей и культурой Китая.
Sprog:russisk
Udgivet: Томск, Изд-во ТПУ, 2010
Fag:
Format: MixedMaterials Bog
KOHA link:https://koha.lib.tpu.ru/cgi-bin/koha/opac-detail.pl?biblionumber=189553

MARC

LEADER 00000nam0a2200000 4500
001 189553
005 20231101224220.0
035 |a (RuTPU)RU\TPU\book\206206 
090 |a 189553 
100 |a 20101227d2010 m y0rusy50 ca 
101 0 |a rus 
102 |a RU 
105 |a y j 001zy 
200 1 |a Культура Китая  |e учебное пособие  |f В. В. Петрик  |g Национальный исследовательский Томский политехнический университет (ТПУ) 
210 |a Томск  |c Изд-во ТПУ  |d 2010 
215 |a 156 с. 
320 |a Библиогр.: с. 142-155. 
330 |a Пособие содержит авторский курс лекций, посвященных основным направлениям и этапам развития культуры Китая от глубокой древности до наших дней. В работе отражено многообразие китайского культурного наследия, показано его место и роль в мировом историко-культурном процессе. Пособие также содержит разнообразный фактический материал, интересные выводы и обобщения. Предназначено для студентов, обучающихся по специальности 032301 «Регионоведение», а также для всех, интересующихся историей и культурой Китая. 
452 1 |0 (RuTPU)RU\TPU\book\214105  |t Культура Китая  |o учебное пособие  |f В. В. Петрик  |g Национальный исследовательский Томский политехнический университет (ТПУ)  |c Томск  |n Изд-во ТПУ  |d 2010  |a Петрик, Валерий Владимирович 
606 1 |a Китай  |x Культура  |x Культурология  |2 stltpush  |3 (RuTPU)RU\TPU\subj\70287  |9 84641 
610 1 |a национальная культура 
610 1 |a китайская культура 
610 1 |a теория 
610 1 |a история 
610 1 |a методология 
610 1 |a китайская литература 
610 1 |a инженерное искусство 
610 1 |a техника 
610 1 |a наука 
610 1 |a архитектура 
610 1 |a искусство 
610 1 |a декоративно-прикладное искусство 
610 1 |a музыка 
610 1 |a театр 
610 1 |a образование 
610 1 |a учебные пособия 
610 1 |a труды учёных ТПУ 
686 |a Ч11(5Кит)  |v LBC/SL-A  |2 rubbk 
700 1 |a Петрик  |b В. В.  |c историк  |c доцент Томского политехнического университета, доктор исторических наук  |f 1960-  |g Валерий Владимирович  |2 stltpush  |3 (RuTPU)RU\TPU\pers\25435 
712 0 2 |a Национальный исследовательский Томский политехнический университет (ТПУ)  |c (2009- )  |2 stltpush  |3 (RuTPU)RU\TPU\col\15902 
801 1 |a RU  |b 63413507  |c 20101227 
801 2 |a RU  |b 63413507  |c 20130115  |g RCR 
942 |c BK